00725nam a2200253 a 4500001001300000003000900013005001700022008004100039020001000080082001500090100002400105245002300129260004300152300000900195500003500204505001000239650002100249650002900270700002400299902000800323942000700331952011600338999001700454nice12345678IN_TiNIC20260116013959.0050524s1993 cama grp 000 0 eng  ac10000a297.4bCHO aChodkiewicz, Michel aSeal of the Saints aCambridgebIslamic Texts Societyc1993 a192p aincludes index and biblioraphy2 aIndex aSufism-Ibn Arabi aIslam-Doctrines-Al-Mehdi1 aChodkiewicz, Michel bSRC cBK 001040708StackRoom-aHMIbHMId2010-09-27g100.00l0o297.4 CHOp019374r2010-09-27v100.00w2005-05-24yBK c13353d13353